Kỹ thuật điện I Giáo trình cao đảng sư phạm
Đề cập đến nguồn điện và mạng phân phối điện; mạch điện một pha; mạch điện 3 pha. Trình bày về cung cấp điện, an toàn điện, vật liệu kỹ thuật điện, đo lường điện.
Đã lưu trong:
| Tác giả chính: | |
|---|---|
| Định dạng: | Sách |
| Năm xuất bản: |
H.
ĐHSP
2005
|
| Chủ đề: | |
| Tags: |
Thêm thẻ
Không có thẻ, Hãy là người đầu tiên gắn thẻ bản ghi này!
|
| LEADER | 09908nam a2200649 4500 | ||
|---|---|---|---|
| 082 | |a 621.3071 |b TR120M | ||
| 100 | |a Trần Minh Sơ | ||
| 245 | |a Kỹ thuật điện I |c Trần Minh Sơ chủ biên, Nguyễn Cao Đẳng |b Giáo trình cao đảng sư phạm | ||
| 260 | |a H. |b ĐHSP |c 2005 | ||
| 300 | |a 208tr. |c 24cm | ||
| 520 | |a Đề cập đến nguồn điện và mạng phân phối điện; mạch điện một pha; mạch điện 3 pha. Trình bày về cung cấp điện, an toàn điện, vật liệu kỹ thuật điện, đo lường điện. | ||
| 653 | |a Kỹ thuật | ||
| 653 | |a Kỹ thuật điện | ||
| 653 | |a Giáo trình | ||
| 942 | |2 ddc |c STK | ||
| 999 | |c 5786 |d 5786 | ||
| 952 | |0 0 |1 0 |2 ddc |4 0 |6 621_307100000000000_TR120M |7 0 |8 600 |9 53103 |a qbu |b qbu |c D3 |d 2014-12-29 |g 40000 |o 621.3071 TR120M |p 2014.c1 |r 0000-00-00 |w 2014-12-29 |y STK |0 0 |6 621_307100000000000_TR120M |0 0 |6 621_307100000000000_TR120M | ||
| 952 | |0 0 |1 0 |2 ddc |4 0 |6 621_307100000000000_TR120M |7 0 |8 600 |9 53104 |a qbu |b qbu |c D3 |d 2014-12-29 |g 40000 |o 621.3071 TR120M |p 2014.c2 |r 0000-00-00 |w 2014-12-29 |y STK |0 0 |6 621_307100000000000_TR120M |0 0 |6 621_307100000000000_TR120M | ||
| 952 | |0 0 |1 0 |2 ddc |4 0 |6 621_307100000000000_TR120M |7 0 |8 600 |9 53105 |a qbu |b qbu |c D3 |d 2014-12-29 |g 40000 |o 621.3071 TR120M |p 2014.c3 |r 0000-00-00 |w 2014-12-29 |y STK |0 0 |6 621_307100000000000_TR120M |0 0 |6 621_307100000000000_TR120M | ||
| 952 | |0 0 |1 0 |2 ddc |4 0 |6 621_307100000000000_TR120M |7 0 |8 600 |9 53106 |a qbu |b qbu |c D3 |d 2014-12-29 |g 40000 |o 621.3071 TR120M |p 2014.c4 |r 0000-00-00 |w 2014-12-29 |y STK |0 0 |6 621_307100000000000_TR120M |0 0 |6 621_307100000000000_TR120M | ||
| 952 | |0 0 |1 0 |2 ddc |4 0 |6 621_307100000000000_TR120M |7 0 |8 600 |9 53107 |a qbu |b qbu |c D3 |d 2014-12-29 |g 40000 |o 621.3071 TR120M |p 2014.c5 |r 0000-00-00 |w 2014-12-29 |y STK |0 0 |6 621_307100000000000_TR120M |0 0 |6 621_307100000000000_TR120M | ||
| 952 | |0 0 |1 0 |2 ddc |4 0 |6 621_307100000000000_TR120M |7 0 |8 600 |9 53108 |a qbu |b qbu |c D3 |d 2014-12-29 |g 40000 |o 621.3071 TR120M |p 2014.c6 |r 0000-00-00 |w 2014-12-29 |y STK |0 0 |6 621_307100000000000_TR120M |0 0 |6 621_307100000000000_TR120M | ||
| 952 | |0 0 |1 0 |2 ddc |4 0 |6 621_307100000000000_TR120M |7 0 |8 600 |9 53109 |a qbu |b qbu |c D3 |d 2014-12-29 |g 40000 |o 621.3071 TR120M |p 2014.c7 |r 0000-00-00 |w 2014-12-29 |y STK |0 0 |6 621_307100000000000_TR120M |0 0 |6 621_307100000000000_TR120M | ||
| 952 | |0 0 |1 0 |2 ddc |4 0 |6 621_307100000000000_TR120M |7 0 |8 600 |9 53110 |a qbu |b qbu |c D3 |d 2014-12-29 |g 40000 |o 621.3071 TR120M |p 2014.c8 |r 0000-00-00 |w 2014-12-29 |y STK |0 0 |6 621_307100000000000_TR120M |0 0 |6 621_307100000000000_TR120M | ||
| 952 | |0 0 |1 0 |2 ddc |4 0 |6 621_307100000000000_TR120M |7 0 |8 600 |9 53111 |a qbu |b qbu |c D3 |d 2014-12-29 |g 40000 |o 621.3071 TR120M |p 2014.c9 |r 0000-00-00 |w 2014-12-29 |y STK |0 0 |6 621_307100000000000_TR120M |0 0 |6 621_307100000000000_TR120M | ||
| 952 | |0 0 |1 0 |2 ddc |4 0 |6 621_307100000000000_TR120M |7 0 |8 600 |9 53112 |a qbu |b qbu |c D3 |d 2014-12-29 |g 40000 |l 1 |o 621.3071 TR120M |p 2014.c10 |r 2018-05-22 |s 2018-05-15 |w 2014-12-29 |y STK |0 0 |6 621_307100000000000_TR120M |0 0 |6 621_307100000000000_TR120M | ||
| 952 | |0 0 |1 0 |2 ddc |4 0 |6 621_307100000000000_TR120M |7 0 |8 600 |9 53113 |a qbu |b qbu |c D3 |d 2014-12-29 |g 40000 |o 621.3071 TR120M |p 2014.c11 |r 0000-00-00 |w 2014-12-29 |y STK |0 0 |6 621_307100000000000_TR120M |0 0 |6 621_307100000000000_TR120M | ||
| 952 | |0 0 |1 0 |2 ddc |4 0 |6 621_307100000000000_TR120M |7 0 |8 600 |9 53114 |a qbu |b qbu |c D3 |d 2014-12-29 |g 40000 |o 621.3071 TR120M |p 2014.c12 |r 0000-00-00 |w 2014-12-29 |y STK |0 0 |6 621_307100000000000_TR120M |0 0 |6 621_307100000000000_TR120M | ||
| 952 | |0 0 |1 0 |2 ddc |4 0 |6 621_307100000000000_TR120M |7 0 |8 600 |9 53115 |a qbu |b qbu |c D3 |d 2014-12-29 |g 40000 |l 1 |o 621.3071 TR120M |p 2014.c13 |r 2018-05-22 |s 2018-05-15 |w 2014-12-29 |y STK |0 0 |6 621_307100000000000_TR120M |0 0 |6 621_307100000000000_TR120M | ||
| 952 | |0 0 |1 0 |2 ddc |4 0 |6 621_307100000000000_TR120M |7 0 |8 600 |9 53116 |a qbu |b qbu |c D3 |d 2014-12-29 |g 40000 |o 621.3071 TR120M |p 2014.c14 |r 0000-00-00 |w 2014-12-29 |y STK |0 0 |6 621_307100000000000_TR120M |0 0 |6 621_307100000000000_TR120M | ||
| 952 | |0 0 |1 0 |2 ddc |4 0 |6 621_307100000000000_TR120M |7 0 |8 600 |9 53117 |a qbu |b qbu |c D3 |d 2014-12-29 |g 40000 |l 1 |o 621.3071 TR120M |p 2014.c15 |r 2018-05-22 |s 2018-05-15 |w 2014-12-29 |y STK |0 0 |6 621_307100000000000_TR120M |0 0 |6 621_307100000000000_TR120M | ||
| 952 | |0 0 |1 0 |2 ddc |4 0 |6 621_307100000000000_TR120M |7 0 |8 600 |9 53118 |a qbu |b qbu |c D3 |d 2014-12-29 |g 40000 |l 1 |o 621.3071 TR120M |p 2014.c16 |r 2016-12-14 |s 2016-10-27 |w 2014-12-29 |y STK |0 0 |6 621_307100000000000_TR120M |0 0 |6 621_307100000000000_TR120M | ||
| 952 | |0 0 |1 0 |2 ddc |4 0 |6 621_307100000000000_TR120M |7 0 |8 600 |9 53119 |a qbu |b qbu |c D3 |d 2014-12-29 |g 40000 |o 621.3071 TR120M |p 2014.c17 |r 0000-00-00 |w 2014-12-29 |y STK |0 0 |6 621_307100000000000_TR120M |0 0 |6 621_307100000000000_TR120M | ||
| 952 | |0 0 |1 0 |2 ddc |4 0 |6 621_307100000000000_TR120M |7 0 |8 600 |9 53120 |a qbu |b qbu |c D3 |d 2014-12-29 |g 40000 |o 621.3071 TR120M |p 2014.c18 |r 0000-00-00 |w 2014-12-29 |y STK |0 0 |6 621_307100000000000_TR120M |0 0 |6 621_307100000000000_TR120M | ||
| 952 | |0 0 |1 0 |2 ddc |4 0 |6 621_307100000000000_TR120M |7 0 |8 600 |9 53121 |a qbu |b qbu |c D3 |d 2014-12-29 |g 40000 |o 621.3071 TR120M |p 2014.c19 |r 0000-00-00 |w 2014-12-29 |y STK |0 0 |6 621_307100000000000_TR120M |0 0 |6 621_307100000000000_TR120M | ||
| 952 | |0 0 |1 0 |2 ddc |4 0 |6 621_307100000000000_TR120M |7 0 |8 600 |9 53122 |a qbu |b qbu |c D3 |d 2014-12-29 |g 40000 |l 1 |o 621.3071 TR120M |p 2014.c20 |r 2018-05-22 |s 2018-05-15 |w 2014-12-29 |y STK |0 0 |6 621_307100000000000_TR120M |0 0 |6 621_307100000000000_TR120M | ||
| 952 | |0 0 |1 0 |2 ddc |4 0 |6 621_307100000000000_TR120M |7 0 |8 600 |9 53123 |a qbu |b qbu |c D3 |d 2014-12-29 |g 40000 |o 621.3071 TR120M |p 2014.c21 |r 0000-00-00 |w 2014-12-29 |y STK |0 0 |6 621_307100000000000_TR120M |0 0 |6 621_307100000000000_TR120M | ||
| 952 | |0 0 |1 0 |2 ddc |4 0 |6 621_307100000000000_TR120M |7 0 |8 600 |9 53124 |a qbu |b qbu |c D3 |d 2014-12-29 |g 40000 |o 621.3071 TR120M |p 2014.c22 |r 0000-00-00 |w 2014-12-29 |y STK |0 0 |6 621_307100000000000_TR120M |0 0 |6 621_307100000000000_TR120M | ||
| 952 | |0 0 |1 0 |2 ddc |4 0 |6 621_307100000000000_TR120M |7 0 |8 600 |9 53125 |a qbu |b qbu |c D3 |d 2014-12-29 |g 40000 |o 621.3071 TR120M |p 2014.c23 |r 0000-00-00 |w 2014-12-29 |y STK |0 0 |6 621_307100000000000_TR120M |0 0 |6 621_307100000000000_TR120M | ||
| 952 | |0 0 |1 0 |2 ddc |4 0 |6 621_307100000000000_TR120M |7 0 |8 600 |9 53126 |a qbu |b qbu |c D3 |d 2014-12-29 |g 40000 |o 621.3071 TR120M |p 2014.c24 |r 0000-00-00 |w 2014-12-29 |y STK |0 0 |6 621_307100000000000_TR120M |0 0 |6 621_307100000000000_TR120M | ||
| 952 | |0 0 |1 0 |2 ddc |4 0 |6 621_307100000000000_TR120M |7 0 |8 600 |9 53127 |a qbu |b qbu |c D3 |d 2014-12-29 |g 40000 |o 621.3071 TR120M |p 2014.c25 |r 0000-00-00 |w 2014-12-29 |y STK |0 0 |6 621_307100000000000_TR120M |0 0 |6 621_307100000000000_TR120M | ||
| 952 | |0 0 |1 0 |2 ddc |4 0 |6 621_307100000000000_TR120M |7 0 |8 600 |9 53128 |a qbu |b qbu |c D3 |d 2014-12-29 |g 40000 |o 621.3071 TR120M |p 2014.c26 |r 0000-00-00 |w 2014-12-29 |y STK |0 0 |6 621_307100000000000_TR120M |0 0 |6 621_307100000000000_TR120M | ||
| 952 | |0 0 |1 0 |2 ddc |4 0 |6 621_307100000000000_TR120M |7 0 |8 600 |9 53129 |a qbu |b qbu |c D3 |d 2014-12-29 |g 40000 |o 621.3071 TR120M |p 2014.c27 |r 0000-00-00 |w 2014-12-29 |y STK |0 0 |6 621_307100000000000_TR120M |0 0 |6 621_307100000000000_TR120M | ||
| 952 | |0 0 |1 0 |2 ddc |4 0 |6 621_307100000000000_TR120M |7 0 |8 600 |9 53130 |a qbu |b qbu |c D3 |d 2014-12-29 |g 40000 |o 621.3071 TR120M |p 2014.c28 |r 0000-00-00 |w 2014-12-29 |y STK |0 0 |6 621_307100000000000_TR120M |0 0 |6 621_307100000000000_TR120M | ||
| 952 | |0 0 |1 0 |2 ddc |4 0 |6 621_307100000000000_TR120M |7 0 |8 600 |9 53131 |a qbu |b qbu |c D3 |d 2014-12-29 |g 40000 |l 1 |o 621.3071 TR120M |p 2014.c29 |r 2018-05-22 |s 2018-05-15 |w 2014-12-29 |y STK |0 0 |6 621_307100000000000_TR120M |0 0 |6 621_307100000000000_TR120M | ||
| 952 | |0 0 |1 0 |2 ddc |4 0 |6 621_307100000000000_TR120M |7 0 |8 600 |9 53132 |a qbu |b qbu |c D3 |d 2014-12-29 |g 40000 |o 621.3071 TR120M |p 2014.c30 |r 0000-00-00 |w 2014-12-29 |y STK |0 0 |6 621_307100000000000_TR120M |0 0 |6 621_307100000000000_TR120M | ||
| 952 | |0 0 |1 0 |2 ddc |4 0 |6 621_307100000000000_TR120M |7 0 |8 600 |9 53133 |a qbu |b qbu |c D3 |d 2014-12-29 |g 40000 |o 621.3071 TR120M |p 2014.c31 |r 0000-00-00 |w 2014-12-29 |y STK |0 0 |6 621_307100000000000_TR120M |0 0 |6 621_307100000000000_TR120M | ||
| 952 | |0 0 |1 0 |2 ddc |4 0 |6 621_307100000000000_TR120M |7 0 |8 600 |9 53134 |a qbu |b qbu |c D3 |d 2014-12-29 |g 40000 |o 621.3071 TR120M |p 2014.c32 |r 0000-00-00 |w 2014-12-29 |y STK |0 0 |6 621_307100000000000_TR120M |0 0 |6 621_307100000000000_TR120M | ||
| 952 | |0 0 |1 0 |2 ddc |4 0 |6 621_307100000000000_TR120M |7 0 |8 600 |9 53135 |a qbu |b qbu |c D3 |d 2014-12-29 |g 40000 |l 1 |o 621.3071 TR120M |p 2014.c33 |r 2015-09-09 |s 2015-08-17 |w 2014-12-29 |y STK |0 0 |6 621_307100000000000_TR120M |0 0 |6 621_307100000000000_TR120M | ||
| 952 | |0 0 |1 0 |2 ddc |4 0 |6 621_307100000000000_TR120M |7 0 |8 600 |9 53136 |a qbu |b qbu |c D3 |d 2014-12-29 |g 40000 |o 621.3071 TR120M |p 2014.c34 |r 0000-00-00 |w 2014-12-29 |y STK |0 0 |6 621_307100000000000_TR120M |0 0 |6 621_307100000000000_TR120M | ||
| 952 | |0 0 |1 0 |2 ddc |4 0 |6 621_307100000000000_TR120M |7 0 |8 600 |9 53137 |a qbu |b qbu |c D3 |d 2014-12-29 |g 40000 |l 1 |o 621.3071 TR120M |p 2014.c35 |r 2018-05-22 |s 2018-05-15 |w 2014-12-29 |y STK |0 0 |6 621_307100000000000_TR120M |0 0 |6 621_307100000000000_TR120M | ||
| 952 | |0 0 |1 0 |2 ddc |4 0 |6 621_307100000000000_TR120M |7 0 |8 600 |9 53138 |a qbu |b qbu |c D3 |d 2014-12-29 |g 40000 |o 621.3071 TR120M |p 2014.c36 |r 0000-00-00 |w 2014-12-29 |y STK |0 0 |6 621_307100000000000_TR120M |0 0 |6 621_307100000000000_TR120M | ||
| 952 | |0 0 |1 0 |2 ddc |4 0 |6 621_307100000000000_TR120M |7 0 |8 600 |9 53139 |a qbu |b qbu |c D3 |d 2014-12-29 |g 40000 |o 621.3071 TR120M |p 2014.c37 |r 0000-00-00 |w 2014-12-29 |y STK |0 0 |6 621_307100000000000_TR120M |0 0 |6 621_307100000000000_TR120M | ||
| 952 | |0 0 |1 0 |2 ddc |4 0 |6 621_307100000000000_TR120M |7 0 |8 600 |9 53140 |a qbu |b qbu |c D3 |d 2014-12-29 |g 40000 |o 621.3071 TR120M |p 2014.c38 |r 0000-00-00 |w 2014-12-29 |y STK |0 0 |6 621_307100000000000_TR120M |0 0 |6 621_307100000000000_TR120M | ||
| 952 | |0 0 |1 0 |2 ddc |4 0 |6 621_307100000000000_TR120M |7 0 |8 600 |9 53141 |a qbu |b qbu |c D3 |d 2014-12-29 |g 40000 |l 1 |o 621.3071 TR120M |p 2014.c39 |r 2018-05-22 |s 2018-05-15 |w 2014-12-29 |y STK |0 0 |6 621_307100000000000_TR120M |0 0 |6 621_307100000000000_TR120M | ||
| 952 | |0 0 |1 0 |2 ddc |4 0 |6 621_307100000000000_TR120M |7 0 |8 600 |9 53142 |a qbu |b qbu |c D3 |d 2014-12-29 |g 40000 |o 621.3071 TR120M |p 2014.c40 |r 0000-00-00 |w 2014-12-29 |y STK |0 0 |6 621_307100000000000_TR120M |0 0 |6 621_307100000000000_TR120M | ||
| 952 | |0 0 |1 0 |2 ddc |4 0 |6 621_307100000000000_TR120M |7 0 |8 600 |9 70768 |a qbu |b qbu |c D3 |d 2015-04-14 |g 40000 |o 621.3071 TR120M |p 2014.c41 |r 0000-00-00 |w 2015-04-14 |y STK |0 0 |6 621_307100000000000_TR120M | ||